Statistiques concernant Les plus grandes agglomérations de Russie

Cliquez ici pour prendre le quiz!

Statistiques générales

  • Ce quiz a été pris 23 fois
  • Le résultat moyen est 11 sur 20

Statistiques - réponses

PlaceHabitantsNom% Correct
1.17 316 000Agglomération de Moscou
100%
2.6 230 000Agglomération de Saint-Pétersbourg
100%
6.2 054 000Agglomération de Iekaterinbourg
86%
4.2 097 000Agglomération de Nijni Novgorod
82%
8.1 560 000Agglomération de Kazan
77%
5.2 096 000Agglomération de Rostov-sur-le-Don
77%
10.1 517 000Agglomération de Volgograd
77%
14.1 235 000Agglomération de Oufa
68%
3.2 300 000Agglomération de Samara-Togliatti
64%
17.1 144 000Agglomération de Perm
55%
7.2 050 000Agglomération de Novossibirsk
50%
13.1 261 000Agglomération de Omsk
50%
9.1 535 000Agglomération de Tcheliabinsk
50%
12.1 344 000Agglomération de Krasnodar
45%
11.1 360 000Agglomération de Voronej
45%
16.1 155 000Agglomération de Krasnoïarsk
36%
19.1 117 000Agglomération de Saratov
27%
20.1 081 000Agglomération de Irkoutsk
18%
18.1 125 000Agglomération de Naberejnye Tchelny
5%
15.1 206 000Agglomération de Novokouznetsk
5%

Distribution des résultats

Percentile par nombre de réponses

% des personnes avec chaque résultat

Votre développement - résultats

Vous n’avez pas pris ce quiz